Marketing changes
| Other Authors: | Hart, Susan |
|---|---|
| Published: |
[London]:
Thompson,
2003.
|
| Subjects: |
| LEADER | 00493cam a2200169 7i4500 | ||
|---|---|---|---|
| 001 | 0000006622 | ||
| 005 | 20170218090000.0 | ||
| 020 | |a 1861526733 (pbk.) | ||
| 020 | |a 9781861526731 | ||
| 090 | 0 | 0 | |a HF5415 |b .M34 2003 |
| 245 | 0 | 0 | |a Marketing changes |c edited by Susan Hart. |
| 260 | |a [London]: |b Thompson, |c 2003. | ||
| 300 | |a viii, 360 p.; |c 25 cm. | ||
| 650 | 0 | 0 | |a Marketing |
| 700 | 1 | |a Hart, Susan | |
| 997 | |a Business & Accountancy, Faculty | ||
| 999 | |a 0000007747 |b BOK |c OPEN SHELF |e 1st Floor, Shah Alam | ||


